[Event "Benidorm op U2000 13th"]
[Site "Benidorm"]
[Date "2014.11.30"]
[Round "3"]
[White "Martinez Perez, Pablo"]
[Black "Moreno Vicente, Jesus Miguel"]
[Result "1-0"]
[WhiteElo "1710"]
[BlackElo "1900"]
[PlyCount "47"]
[EventDate "2014.11.28"]
[EventType "swiss"]
[EventRounds "10"]
[EventCountry "ESP"]
[SourceTitle "CBM 163 Extra"]
[Source "ChessBase"]
[SourceDate "2014.12.23"]
[SourceVersion "1"]
[SourceVersionDate "2014.12.23"]
[SourceQuality "1"]

1. e4 e6 2. d3 d5 3. Nd2 c5 4. Ngf3 Nc6 5. g3 Nf6 6. Bg2 Be7 7. 0-0 0-0 8. e5 Nd7 9. Re1 b5 10. Nf1 a5 11. Bf4 Ba6 12. h4 b4 13. Ne3 Nd4 14. Ng5 Qe8 15. c3 bxc3 16. bxc3 Nc6 17. c4 h6 18. Qh5 hxg5 19. hxg5 Ncxe5 20. Bxe5 Nxe5 21. Nxd5 exd5 22. Rxe5 Qd7 23. Bxd5 Bd6 24. g6 1-0

[Event "Benidorm op U2000 13th"]
[Site "Benidorm"]
[Date "2014.11.28"]
[Round "1"]
[White "Erades Berenguer, Ana"]
[Black "Moreno Vicente, Jesus Miguel"]
[Result "1-0"]
[WhiteElo "1621"]
[BlackElo "1900"]
[PlyCount "57"]
[EventDate "2014.11.28"]
[EventType "swiss"]
[EventRounds "10"]
[EventCountry "ESP"]
[SourceTitle "CBM 163 Extra"]
[Source "ChessBase"]
[SourceDate "2014.12.23"]
[SourceVersion "1"]
[SourceVersionDate "2014.12.23"]
[SourceQuality "1"]

1. e4 e6 2. d4 d5 3. exd5 exd5 4. Nc3 Nf6 5. Bd3 Be7 6. Bf4 c6 7. Qd2 Bg4 8. f3 Bh5 9. g4 Bg6 10. 0-0-0 b5 11. Bxg6 hxg6 12. Re1 0-0 13. h4 Nbd7 14. h5 b4 15. Na4 Nb6 16. h6 Ne4 17. fxe4 Nxa4 18. hxg7 Kxg7 19. Bh6+ Kg8 20. Qh2 f6 21. Bxf8 Kxf8 22. Qh8+ Kf7 23. Rh7+ Ke6 24. exd5+ Kxd5 25. Qxd8+ Bxd8 26. Rd7+ Kc4 27. b3+ Kb5 28. bxa4+ Kxa4 29. Re8 1-0

[Event "Mislata op-C 48th"]
[Site "Mislata"]
[Date "2014.08.17"]
[Round "9"]
[White "Soriano Folch, Jonathan"]
[Black "Moreno Vicente, Jesus Miguel"]
[Result "1/2-1/2"]
[WhiteElo "1828"]
[BlackElo "1841"]
[PlyCount "24"]
[EventDate "2014.08.11"]
[EventType "swiss"]
[EventRounds "9"]
[EventCountry "ESP"]
[SourceTitle "EXT 2019"]
[Source "ChessBase"]
[SourceDate "2018.10.10"]
[SourceVersion "1"]
[SourceVersionDate "2018.10.10"]
[SourceQuality "1"]

1. e4 e6 2. d3 d5 3. Nd2 Nf6 4. Ngf3 c5 5. g3 Nc6 6. Bg2 Be7 7. 0-0 0-0 8. e5 Nd7 9. Re1 b5 10. Nf1 a5 11. h4 Ba6 12. Bf4 b4 1/2-1/2

[Event "Mislata op-C 48th"]
[Site "Mislata"]
[Date "2014.08.15"]
[Round "7"]
[White "Torcal Miguel, Oscar"]
[Black "Moreno Vicente, Jesus Miguel"]
[Result "0-1"]
[WhiteElo "1747"]
[BlackElo "1841"]
[PlyCount "144"]
[EventDate "2014.08.11"]
[EventType "swiss"]
[EventRounds "9"]
[EventCountry "ESP"]
[SourceTitle "EXT 2019"]
[Source "ChessBase"]
[SourceDate "2018.10.10"]
[SourceVersion "1"]
[SourceVersionDate "2018.10.10"]
[SourceQuality "1"]

1. e4 e6 2. d4 d5 3. e5 c5 4. Qg4 cxd4 5. Nf3 Nc6 6. Bd3 Qc7 7. Qg3 g6 8. 0-0 Bg7 9. Re1 Bd7 10. Nbd2 Nge7 11. Nb3 Qb6 12. a4 a5 13. Bg5 h6 14. Bxe7 Kxe7 15. h4 Raf8 16. h5 Nb4 17. Nbxd4 Nxd3 18. cxd3 g5 19. b3 Rc8 20. Rac1 Qb4 21. Qg4 Rc3 22. Nxg5 hxg5 23. Qxg5+ Kf8 24. Qd8+ Be8 25. Nb5 Rxc1 26. Rxc1 Bxe5 27. d4 Qd2 28. Rf1 Bf4 29. g3 Rg8 30. Nd6 Bxd6 31. Qxd6+ Kg7 32. Qe5+ Kh7 33. Kg2 Qg5 34. Qc7 Qg4 35. Re1 Rg7 36. Qd8 Bc6 37. h6 Rg8 38. Qe7 Qg6 39. Qc7 Re8 40. Qxa5 e5 41. Qd2 e4 42. Qf4 Re6 43. a5 Rf6 44. Qe5 Qf5 45. Qxf5+ Rxf5 46. Rc1 Bb5 47. Rc7 Kxh6 48. Rxb7 Be2 49. Rb6+ Kg7 50. a6 Rh5 51. g4 Rh8 52. a7 Ra8 53. Rb7 Bxg4 54. b4 Bc8 55. Rb8 Rxa7 56. Rxc8 Rb7 57. Rc5 Rxb4 58. Rxd5 Kf6 59. Kg3 Rb3+ 60. Kg2 Rd3 61. Rd8 Kf5 62. Kf1 Kf4 63. d5 Ke5 64. Ke2 Rxd5 65. Rxd5+ Kxd5 66. Ke3 Ke5 67. Kd2 Kf4 68. Ke2 f6 69. Ke1 Kf3 70. Kf1 f5 71. Ke1 Kg2 72. Ke2 f4 0-1

[Event "Mislata op-C 48th"]
[Site "Mislata"]
[Date "2014.08.13"]
[Round "4"]
[White "Moreno Vicente, Jesus Miguel"]
[Black "Navarro Gomez, Gabriel"]
[Result "1-0"]
[WhiteElo "1841"]
[BlackElo "1739"]
[PlyCount "115"]
[EventDate "2014.08.11"]
[EventType "swiss"]
[EventRounds "9"]
[EventCountry "ESP"]
[SourceTitle "EXT 2019"]
[Source "ChessBase"]
[SourceDate "2018.10.10"]
[SourceVersion "1"]
[SourceVersionDate "2018.10.10"]
[SourceQuality "1"]

1. d4 d5 2. c4 e6 3. Nc3 Nf6 4. cxd5 exd5 5. Bg5 Be7 6. e3 0-0 7. Qc2 c5 8. Nf3 cxd4 9. Nxd4 Nc6 10. Rd1 Re8 11. Be2 Be6 12. 0-0 Rc8 13. Bb5 h6 14. Bh4 Bd6 15. Bg3 g6 16. Qb1 Kg7 17. Rd2 a6 18. Nxc6 bxc6 19. Bxa6 Ra8 20. Bb7 Bxg3 21. hxg3 Qb6 22. Bxa8 Rxa8 23. b4 Re8 24. Qb2 Kh7 25. Na4 Qd8 26. Nc5 Bc8 27. Rd4 Qe7 28. Qe2 Qe5 29. Qf3 g5 30. a4 Re7 31. a5 h5 32. Qd1 Bg4 33. Qd2 h4 34. f4 Qxe3+ 35. Qxe3 Rxe3 36. fxg5 Ne4 37. Nxe4 dxe4 38. gxh4 Kg7 39. Rf4 Re1+ 40. Kf2 Re2+ 41. Kg3 Be6 42. Rfxe4 Ra2 43. Re5 Ra3+ 44. Kf2 Ra2+ 45. Re2 Ra3 46. Red2 Ra4 47. g3 Bc8 48. Ke3 Ra3+ 49. Kf4 c5 50. bxc5 Rxa5 51. c6 f6 52. gxf6+ Kxf6 53. g4 Ke6 54. h5 Ra1 55. h6 Rh1 56. Kg5 Ke5 57. Rd8 Re1 58. Rxc8 1-0

[Event "Mislata op-A 47th"]
[Site "Mislata"]
[Date "2013.08.17"]
[Round "8"]
[White "Gimenez Ruiz, Jesus"]
[Black "Moreno Vicente, Jesus Miguel"]
[Result "0-1"]
[WhiteElo "1755"]
[BlackElo "1801"]
[PlyCount "158"]
[EventDate "2013.08.12"]
[EventType "swiss"]
[EventRounds "9"]
[EventCountry "ESP"]
[SourceTitle "EXT 2024"]
[Source "ChessBase"]
[SourceDate "2023.10.10"]
[SourceVersion "1"]
[SourceVersionDate "2023.10.10"]
[SourceQuality "1"]

1. d4 d5 2. Nf3 Nf6 3. h3 c6 4. e3 Bf5 5. Bd3 e6 6. c3 Bd6 7. Qc2 Bg6 8. Nbd2 Nbd7 9. e4 dxe4 10. Nxe4 Nxe4 11. Bxe4 Bxe4 12. Qxe4 Nf6 13. Qc2 0-0 14. Bg5 h6 15. h4 Be7 16. Be3 b5 17. Ne5 Qd5 18. f3 c5 19. Qb3 Qxb3 20. axb3 Nd5 21. Bf2 Rfc8 22. 0-0 Bd6 23. Nd3 c4 24. Nc1 b4 25. bxc4 bxc3 26. b3 Nb4 27. g3 e5 28. d5 a5 29. Ne2 c2 30. Bb6 a4 31. bxa4 Rxc4 32. a5 Nxd5 33. Bf2 Ra6 34. Rfc1 Nb4 35. Ra3 Nd5 36. Ra2 Nb4 37. Ra3 Bc5 38. Bxc5 Rxc5 39. Rca1 Nc6 40. Rc1 Raxa5 41. Rb3 Nd4 42. Nxd4 exd4 43. Kf1 Kf8 44. Rd3 Ra4 45. f4 Ke7 46. Ke2 Kd6 47. Kd2 Rac4 48. Rb3 Rc7 49. Kd3 Kd5 50. Rb5+ R4c5 51. Rxc2 Rxb5 52. Rxc7 Rb3+ 53. Ke2 Rxg3 54. Rxf7 Ke4 55. h5 d3+ 56. Ke1 Ke3 57. Re7+ Kxf4 58. Kd2 Rg5 59. Kxd3 Kg4 60. Ke3 Kxh5 61. Kf3 Rf5+ 62. Kg3 g5 63. Re6 Ra5 64. Rf6 Ra7 65. Re6 Rg7 66. Rf6 Rg6 67. Rf1 Ra6 68. Rf7 Kg6 69. Rf3 h5 70. Re3 h4+ 71. Kh3 Kh5 72. Re5 Ra3+ 73. Kg2 h3+ 74. Kh2 Kh4 75. Re4+ g4 76. Re8 Ra2+ 77. Kh1 Rb2 78. Re7 Rb3 79. Kh2 g3+ 0-1

[Event "Mislata op-C 20th"]
[Site "Mislata"]
[Date "2012.08.18"]
[Round "8"]
[White "Gil Juan, German"]
[Black "Moreno Vicente, Jesus Miguel"]
[Result "1-0"]
[WhiteElo "1860"]
[BlackElo "1754"]
[PlyCount "125"]
[EventDate "2012.08.13"]
[EventType "swiss"]
[EventRounds "9"]
[EventCountry "ESP"]
[SourceTitle "EXT 2013"]
[Source "ChessBase"]
[SourceDate "2012.11.22"]
[SourceVersion "1"]
[SourceVersionDate "2012.11.22"]
[SourceQuality "1"]

1. e4 e6 2. d4 d5 3. Nc3 Bb4 4. e5 Ne7 5. a3 Bxc3+ 6. bxc3 c5 7. Nf3 Qa5 8. Bd2 Nbc6 9. Be2 Bd7 10. 0-0 c4 11. h3 0-0-0 12. Qc1 f6 13. Qb2 fxe5 14. Rab1 Qa6 15. Nxe5 Nxe5 16. dxe5 Nc6 17. f4 Rhf8 18. Be3 b6 19. Qc1 Rf7 20. Kh2 Ne7 21. Qd2 Rdf8 22. g4 g6 23. Bd4 Nc6 24. Ra1 Nd8 25. Be3 Qa5 26. Bf3 Bc6 27. Bg2 Bb7 28. Rfb1 Nc6 29. a4 Nb8 30. Rb4 Nd7 31. g5 Bc6 32. Qc1 Kc7 33. h4 Nb8 34. Bh3 Re8 35. Qa3 Ree7 36. Rab1 Na6 37. Rb5 Bxb5 38. Rxb5 d4 39. Rxa5 dxe3 40. Rxa6 Kb7 41. Bg2+ Kb8 42. Kg3 Rd7 43. Qd6+ Rxd6 44. exd6 Rd7 45. a5 Rxd6 46. axb6 axb6 47. Ra1 Rd2 48. Re1 e2 49. Be4 Kc7 50. Kf2 Kd6 51. Rxe2 Rd1 52. Bf3 Ra1 53. Bg4 Ra3 54. Rxe6+ Kd5 55. Re3 Ra2 56. Be6+ Kc5 57. Re2 Ra3 58. Bg8 Rxc3 59. Bxh7 Rh3 60. Bxg6 Rxh4 61. Kg3 Rh1 62. Kg4 Rg1+ 63. Kf5 1-0

[Event "Mislata op-C 20th"]
[Site "Mislata"]
[Date "2012.08.16"]
[Round "5"]
[White "Moreno Vicente, Jesus Miguel"]
[Black "Aupi Royo, Juan Ignacio"]
[Result "1-0"]
[WhiteElo "1754"]
[BlackElo "1822"]
[PlyCount "59"]
[EventDate "2012.08.13"]
[EventType "swiss"]
[EventRounds "9"]
[EventCountry "ESP"]
[SourceTitle "EXT 2013"]
[Source "ChessBase"]
[SourceDate "2012.11.22"]
[SourceVersion "1"]
[SourceVersionDate "2012.11.22"]
[SourceQuality "1"]

1. d4 Nf6 2. c4 g6 3. Nc3 d5 4. cxd5 Nxd5 5. e4 Nxc3 6. bxc3 Bg7 7. Bc4 0-0 8. Ne2 c5 9. 0-0 Nc6 10. Be3 Na5 11. Qd3 cxd4 12. cxd4 Nxc4 13. Qxc4 b6 14. Rac1 Bb7 15. f3 Rc8 16. Qa4 a5 17. Rxc8 Bxc8 18. Qc4 Qd7 19. Rb1 Qa7 20. Qc6 Ba6 21. Nf4 b5 22. Nd5 Bxd4 23. Nxe7+ Kg7 24. Bxd4+ Qxd4+ 25. Kh1 Qd3 26. Rc1 Qa3 27. Nd5 Rc8 28. Qf6+ Kh6 29. Rg1 Bb7 30. Ne7 1-0

[Event "Mislata-B 45th"]
[Site "Mislata"]
[Date "2011.08.17"]
[Round "4"]
[White "Moreno Vicente, Jesus Miguel"]
[Black "Fernandez Garcia, Olmo"]
[Result "1-0"]
[WhiteElo "1714"]
[BlackElo "1677"]
[PlyCount "63"]
[EventDate "2011.08.15"]
[EventType "tourn"]
[EventRounds "9"]
[EventCountry "ESP"]
[SourceTitle "EXT 2014"]
[Source "ChessBase"]
[SourceDate "2013.11.20"]
[SourceVersion "1"]
[SourceVersionDate "2013.11.20"]
[SourceQuality "1"]

1. d4 d5 2. c4 c6 3. Nc3 Nf6 4. Nf3 a6 5. e3 Bf5 6. cxd5 cxd5 7. Bd3 Bxd3 8. Qxd3 e6 9. 0-0 Be7 10. Bd2 0-0 11. Rfc1 Nbd7 12. a3 b5 13. Ne2 Qb6 14. Rc2 Rfc8 15. Rac1 Qb7 16. Ba5 Bd6 17. Nd2 Ne8 18. Nb3 Rc4 19. Nd2 Rcc8 20. e4 Bc7 21. Bxc7 Nxc7 22. e5 Ne8 23. Nf3 f6 24. Nf4 fxe5 25. dxe5 Nf8 26. Ng5 Rxc2 27. Qxc2 Qe7 28. Nfxe6 g6 29. Qc6 Ra7 30. Qxd5 Rd7 31. Qb3 Ng7 32. Nd8+ 1-0